| 000 | 00870cam a2200289Ia 4500 | ||
|---|---|---|---|
| 008 | |||
| 020 | _a9780321832016 (Paperback.) | ||
| 040 |
_aNUST _cNUST |
||
| 049 | _aMAIN | ||
| 090 |
_aQM25 _bKAP |
||
| 100 | 1 | _aKapit, Wynn. | |
| 245 | 1 | 4 |
_aThe anatomy coloring book / _cWynn Kapit and Lawrence M. Elson. |
| 250 | _aFourth Edition | ||
| 260 |
_aBoston : _bPearson , _c2014. |
||
| 300 |
_axiii ,162 pages : _billustrations ; _c26 cm. |
||
| 336 |
_atext _btxt _2rdacontent |
||
| 337 |
_aunmediated _bn _2rdamedia |
||
| 338 |
_avolume _bnc _2rdacarrier |
||
| 500 | _aIncludes index. | ||
| 500 | _aincludes bibliographical references. | ||
| 650 | 0 |
_aHuman anatomy _xAtlases. |
|
| 700 | 1 | _aElson, Lawrence M. | |
| 907 |
_a.b10403425 _b03-06-21 _c03-06-21 |
||
| 003 | |||
| 005 | 20230120204303.0 | ||
| 942 |
_cBOOKS _kQM25 _mKAP |
||
| 999 |
_c120514 _d120514 |
||